| 000 | 00451nam a22001457a 4500 | ||
|---|---|---|---|
| 005 | 20251219123134.0 | ||
| 008 | 251219b |||||||| |||| 00| 0 eng d | ||
| 020 | _a978-93-89211-10-8 | ||
| 100 | _aSALA, ARYA VAIDYA | ||
| 245 |
_aINDIAN MEDICINAL PLANTS _bA COMPENDIUM OF 500 SPECIES |
||
| 260 |
_aTELANGANA, INDIA _bUNIVERSITIES PRESS _c2010 |
||
| 300 | _aXIV, 423P. | ||
| 700 | _a1. MEDICINAL PLANTS -INDIA 2. PHARMOGNOSY- INDIA | ||
| 942 |
_2lcc _cBK |
||
| 999 |
_c216371 _d216371 |
||